[Event "IV Festival A"]
[Site "Erba ITA"]
[Date "2010.03.06"]
[Round "3"]
[White "Bernasconi, Roberto"]
[Black "Cardani, Roberto"]
[Result "1/2-1/2"]
[WhiteElo "1933"]
[BlackElo "1995"]
[PlyCount "51"]
[EventDate "2010.03.05"]

1. e4 c5 2. Nf3 d6 3. d4 cxd4 4. Nxd4 Nf6 5. Nc3 a6 6. Bg5 e6 7. f4 Qb6 8. Qd2
Qxb2 9. Nb3 Qa3 10. Bxf6 gxf6 11. Bd3 Nc6 12. O-O Bd7 13. Rae1 O-O-O 14. Qf2
Qb4 15. Nb1 Kc7 16. Kh1 h5 17. N1d2 Qb6 18. Qe2 Be7 19. Nc4 Qa7 20. a4 Rdg8 21.
a5 h4 22. Rb1 Rg7 23. Nb6 Rhg8 24. Rg1 Be8 25. Qf2 Rh8 26. Rgc1 1/2-1/2

[Event "IV Festival A"]
[Site "Erba ITA"]
[Date "2010.03.06"]
[Round "3"]
[White "Cazzaniga, Walter"]
[Black "Ninov, Nikolai Ivanov"]
[Result "0-1"]
[WhiteElo "2110"]
[BlackElo "2501"]
[PlyCount "50"]
[EventDate "2010.03.05"]

1. d4 Nf6 2. c4 e6 3. Nf3 b6 4. g3 Ba6 5. b3 b5 6. Bg2 bxc4 7. Ne5 Bb4+ 8. Bd2
cxb3 9. Qxb3 Bxd2+ 10. Nxd2 d5 11. Rc1 O-O 12. Qc2 Nfd7 13. Nd3 c5 14. dxc5 Nc6
15. Qa4 Qc8 16. O-O Rb8 17. Nb3 Bb5 18. Qh4 Bxd3 19. exd3 Qa6 20. Rc2 Qxd3 21.
Rfc1 Rb4 22. Qh3 Nde5 23. Bf1 Qg6 24. Be2 Nd3 25. Rd1 Nf4 0-1

[Event "IV Festival A"]
[Site "Erba ITA"]
[Date "2010.03.06"]
[Round "3"]
[White "Colovic, Aleksandar"]
[Black "Martorelli, Antonio"]
[Result "1-0"]
[WhiteElo "2464"]
[BlackElo "2262"]
[PlyCount "53"]
[EventDate "2010.03.05"]

1. e4 c5 2. Nf3 e6 3. d4 cxd4 4. Nxd4 a6 5. Nc3 Qc7 6. Bd3 Nc6 7. Nxc6 dxc6 8.
f4 e5 9. f5 b5 10. Be3 Nf6 11. Qf3 Bb7 12. a4 Be7 13. O-O O-O 14. g4 h6 15. g5
hxg5 16. Bxg5 b4 17. Nb1 c5 18. Nd2 Rad8 19. Qg2 Nh5 20. f6 gxf6 21. Bh6+ Kh7
22. Bxf8 Rxf8 23. Qh3 Kh6 24. Rf5 Rg8+ 25. Kh1 Rg5 26. Rxg5 fxg5 27. Be2 1-0

[Event "IV Festival A"]
[Site "Erba ITA"]
[Date "2010.03.06"]
[Round "3"]
[White "Gagliardi, Christian"]
[Black "Belezky, Alexander"]
[Result "1/2-1/2"]
[WhiteElo "2217"]
[BlackElo "2452"]
[PlyCount "42"]
[EventDate "2010.03.05"]

1. e4 e6 2. d4 d5 3. Nc3 Bb4 4. e5 Bf8 5. f4 Qd7 6. a4 a6 7. Nf3 Nc6 8. Be2 b6
9. O-O Nh6 10. Kh1 Bb7 11. b3 O-O-O 12. Qd2 f6 13. Nd1 fxe5 14. fxe5 Be7 15. c3
Na5 16. Qc2 Rdf8 17. Ne3 Nf5 18. Nxf5 Rxf5 19. Bd3 Rff8 20. Be3 Kb8 21. Nd2 h6
1/2-1/2

[Event "IV Festival A"]
[Site "Erba ITA"]
[Date "2010.03.06"]
[Round "3"]
[White "Liscio, Giovanni"]
[Black "Occhipinti, Massimo"]
[Result "0-1"]
[WhiteElo "2046"]
[BlackElo "1996"]
[PlyCount "72"]
[EventDate "2010.03.05"]

1. Nf3 Nf6 2. d4 g6 3. c4 Bg7 4. Nc3 O-O 5. e4 d6 6. Be2 Nbd7 7. O-O e5 8. d5
Nc5 9. Nd2 a5 10. f3 Bd7 11. Nb3 b6 12. Be3 h6 13. Qd2 Kh7 14. Rfb1 Ne8 15. Nc1
f5 16. Nd3 f4 17. Bf2 g5 18. b3 h5 19. a3 Bh6 20. b4 axb4 21. axb4 Rxa1 22.
Rxa1 Nb3 23. Qb2 Nxa1 24. Qxa1 g4 25. c5 bxc5 26. bxc5 gxf3 27. Bxf3 Bg4 28.
Qa7 Kh8 29. Nb5 Bxf3 30. gxf3 Rg8+ 31. Kf1 Qd7 32. c6 Qg7 33. Nb4 Bg5 34. Na6
Bd8 35. Qb8 Bh4 36. Bxh4 Qg1+ 0-1

[Event "IV Festival A"]
[Site "Erba ITA"]
[Date "2010.03.06"]
[Round "3"]
[White "Madiai, Federico"]
[Black "Laketic, Gojko"]
[Result "0-1"]
[WhiteElo "2107"]
[BlackElo "2457"]
[PlyCount "72"]
[EventDate "2010.03.05"]

1. Nf3 d6 2. d4 Nf6 3. g3 Nbd7 4. Bg2 e5 5. Bg5 h6 6. Bxf6 Qxf6 7. e3 g6 8. a4
Bg7 9. c3 O-O 10. Na3 Qe7 11. Qe2 Nf6 12. h3 e4 13. Nd2 h5 14. h4 Bg4 15. Qf1
d5 16. Bh3 Be6 17. Bg2 c6 18. Nb3 b6 19. Qe2 c5 20. Nc2 Bg4 21. Qd2 c4 22. Nc1
Qc7 23. Ne2 Rfe8 24. O-O Rad8 25. Rfb1 g5 26. hxg5 Nh7 27. Nf4 Nxg5 28. Ne1 Rd6
29. b3 Red8 30. bxc4 dxc4 31. Rb4 Bf8 32. Qc2 Rh6 33. Bxe4 Bxb4 34. cxb4 h4 35.
gxh4 Rxh4 36. Neg2 Rh6 0-1

[Event "IV Festival A"]
[Site "Erba ITA"]
[Date "2010.03.06"]
[Round "3"]
[White "Magrini, Fabrizio"]
[Black "Buonocore, Elio"]
[Result "1/2-1/2"]
[WhiteElo "2130"]
[BlackElo "2192"]
[PlyCount "106"]
[EventDate "2010.03.05"]

1. e4 c5 2. Nf3 Nc6 3. Bb5 d6 4. d4 cxd4 5. Qxd4 Bd7 6. Bxc6 bxc6 7. c4 f6 8.
Nc3 e5 9. Qd3 h5 10. O-O Nh6 11. Nh4 Kf7 12. f4 exf4 13. Bxf4 Ng4 14. Kh1 Be6
15. b3 Ne5 16. Qg3 Kg8 17. Bxe5 dxe5 18. Rad1 Qe7 19. Ng6 Qf7 20. Nxh8 Kxh8 21.
Na4 Be7 22. h3 Rg8 23. Qe3 Bf8 24. Rd8 Kh7 25. Rfd1 Qg6 26. Ra8 f5 27. exf5
Bxf5 28. Rdd8 Qf6 29. Qf3 g6 30. Rxa7+ Bg7 31. Rd1 Qg5 32. Nc5 Qh4 33. Qe3 e4
34. Rd6 Kh8 35. Ne6 Bxe6 36. Rxe6 Rd8 37. Rxe4 Rd1+ 38. Kh2 Qf6 39. Re8+ Kh7
40. Ree7 Qd6+ 41. Qg3 Rh1+ 42. Kxh1 Qxg3 43. Rxg7+ Kh6 44. Rge7 Qf2 45. Rad7
Qf1+ 46. Kh2 Qf4+ 47. Kg1 Qc1+ 48. Kf2 Qf4+ 49. Ke2 Qg3 50. Kf1 Qf4+ 51. Kg1
Qc1+ 52. Kf2 Qf4+ 53. Ke1 Qg3+ 1/2-1/2

[Event "IV Festival A"]
[Site "Erba ITA"]
[Date "2010.03.06"]
[Round "3"]
[White "Marholev, Dimitar"]
[Black "Meijers, Viesturs"]
[Result "1-0"]
[WhiteElo "2423"]
[BlackElo "2476"]
[PlyCount "141"]
[EventDate "2010.03.05"]

1. d4 b6 2. e4 Bb7 3. Bd3 e6 4. Nf3 c5 5. c3 Nf6 6. e5 Nd5 7. O-O cxd4 8. cxd4
Nc6 9. Nc3 Ncb4 10. Be2 Rc8 11. Bd2 Nxc3 12. bxc3 Nc6 13. c4 d6 14. exd6 Bxd6
15. Bg5 Ne7 16. Rc1 O-O 17. Qb3 Bb8 18. Rfd1 h6 19. Bh4 Qe8 20. Bg3 Nf5 21. Bf1
Nxg3 22. hxg3 Qe7 23. a4 Rfd8 24. a5 bxa5 25. Ra1 Bxf3 26. Qxf3 Bc7 27. c5 Rb8
28. Bc4 Rb4 29. Rac1 Qf6 30. Qc6 Rb2 31. f4 Bb8 32. Qe4 g6 33. d5 exd5 34. Rxd5
Rxd5 35. Qxd5 Kg7 36. Re1 g5 37. Qd7 gxf4 38. Bxf7 Qxf7 39. Re7 Rb1+ 40. Kf2
fxg3+ 41. Ke2 Rb2+ 42. Kd3 Rf2 43. Qg4+ Kh7 44. Qe4+ Kg7 45. c6 Qxe7 46. Qxe7+
Rf7 47. Qc5 Bc7 48. Qxa7 h5 49. Qd4+ Kg6 50. Qe4+ Kg5 51. Qe6 Rg7 52. Ke4 a4
53. Kf3 a3 54. Qe3+ Kg6 55. Qd3+ Kg5 56. Qe3+ Kg6 57. Qxa3 Rf7+ 58. Ke3 h4 59.
Qd3+ Rf5 60. Qe4 Bb6+ 61. Kd3 Kg5 62. Qe7+ Kh5 63. Qb7 Ba5 64. Ke4 Rg5 65. c7
Bxc7 66. Qxc7 Rg4+ 67. Kf3 Rg6 68. Qe7 Ra6 69. Qe5+ Kg6 70. Qe4+ Kf7 71. Qb7+
1-0

[Event "IV Festival A"]
[Site "Erba ITA"]
[Date "2010.03.06"]
[Round "3"]
[White "Pace, Pietro Dario"]
[Black "Lazic, Miroljub"]
[Result "0-1"]
[WhiteElo "2304"]
[BlackElo "2507"]
[PlyCount "116"]
[EventDate "2010.03.05"]

1. e4 d6 2. d4 Nf6 3. Nc3 e5 4. Nf3 Nbd7 5. g3 c6 6. a4 b6 7. Bc4 Be7 8. O-O
O-O 9. Re1 a6 10. Bf1 Bb7 11. b3 b5 12. Bb2 Re8 13. Bg2 Bf8 14. Nh4 b4 15. Na2
exd4 16. Qxd4 c5 17. Qd3 Qc7 18. c4 bxc3 19. Nxc3 Ne5 20. Qc2 c4 21. Nd5 Bxd5
22. exd5 Rac8 23. Bxe5 dxe5 24. bxc4 a5 25. Nf5 Qxc4 26. Qxc4 Rxc4 27. Ne3 Rd4
28. h3 h5 29. Rec1 e4 30. Rc4 Rxc4 31. Nxc4 Bb4 32. Rd1 Kf8 33. d6 Rc8 34. Nb6
Rd8 35. Nc4 Ke8 36. Rd4 Bc3 37. Rd1 Kd7 38. Bf1 Ke6 39. Ne3 Rxd6 40. Bc4+ Ke5
41. Rxd6 Kxd6 42. Bxf7 Ke5 43. Kf1 g5 44. Ke2 Kd4 45. Nc2+ Kc5 46. Ke3 Bb2 47.
Bb3 Bc1+ 48. Ke2 Nd5 49. Kd1 Bb2 50. Ne3 Nb6 51. Nc2 Bd4 52. Ke2 Nd5 53. Ke1 h4
54. Ke2 Be5 55. Ne3 Nc3+ 56. Kd2 Kb4 57. Kc2 Nxa4 58. Bxa4 hxg3 0-1

[Event "IV Festival A"]
[Site "Erba ITA"]
[Date "2010.03.06"]
[Round "3"]
[White "Pap, Misa"]
[Black "Janev, Evgeni"]
[Result "1-0"]
[WhiteElo "2521"]
[BlackElo "2450"]
[PlyCount "75"]
[EventDate "2010.03.05"]

1. e4 d6 2. d4 Nf6 3. Nc3 e5 4. dxe5 dxe5 5. Qxd8+ Kxd8 6. Bg5 c6 7. Nf3 Nbd7
8. Bc4 Ke8 9. O-O-O Be7 10. Bh4 Ng4 11. Bg3 f6 12. Nh4 g6 13. a4 Nc5 14. h3 Nh6
15. f4 exf4 16. Bxf4 Nf7 17. Nf3 Be6 18. Be2 Bd7 19. Bc4 Be6 20. Be2 Bd7 21.
Rhe1 Ne6 22. Bh2 Rd8 23. Bc4 Bc8 24. Nd5 Nfg5 25. Nxg5 fxg5 26. Nxe7 Kxe7 27.
Bb8 a6 28. e5 Rxd1+ 29. Rxd1 Kf7 30. a5 Kg7 31. Bd6 Re8 32. Rf1 Nf4 33. Rf2 h5
34. h4 Kh6 35. Bf7 Rh8 36. Be7 Ne6 37. Bf6 Rh7 38. Bxe6 1-0

[Event "IV Festival A"]
[Site "Erba ITA"]
[Date "2010.03.06"]
[Round "3"]
[White "Pechy, Alaster"]
[Black "Regorda, Massimiliano"]
[Result "1-0"]
[WhiteElo "2202"]
[BlackElo "1926"]
[PlyCount "105"]
[EventDate "2010.03.05"]

1. d4 d5 2. Nf3 Nf6 3. c4 e6 4. Nc3 Be7 5. Bg5 O-O 6. e3 h6 7. Bh4 b6 8. cxd5
Nxd5 9. Bxe7 Qxe7 10. Nxd5 exd5 11. Bd3 Bg4 12. O-O Nd7 13. h3 Be6 14. Rc1 c5
15. Re1 Rac8 16. e4 dxe4 17. Bxe4 cxd4 18. Rxc8 Rxc8 19. Nxd4 Nc5 20. Nxe6 Nxe6
21. Bf5 Qf6 22. Bxe6 fxe6 23. Qe2 Qf5 24. g4 Qd5 25. b3 Rc6 26. Rd1 Qg5 27. Qe4
Rc1 28. Qxe6+ Kh8 29. Qe8+ Kh7 30. Qe4+ Kh8 31. Qd3 Qf4 32. Rxc1 Qxc1+ 33. Kg2
Qc7 34. Qd5 a5 35. a4 Qe7 36. Kf3 Qf6+ 37. Kg2 Qe7 38. Qf5 Qb4 39. Qc8+ Kh7 40.
Qc2+ Kh8 41. Qd3 Qe7 42. Qe3 Qb4 43. Kg3 Qd6+ 44. Kg2 Qb4 45. Qg3 Qf8 46. h4
Qd8 47. g5 hxg5 48. hxg5 Qd5+ 49. Kh2 Qd8 50. g6 Kg8 51. Qf4 Kh8 52. f3 Kg8 53.
Kg3 1-0

[Event "IV Festival A"]
[Site "Erba ITA"]
[Date "2010.03.06"]
[Round "3"]
[White "Radice, Luca"]
[Black "Berni, Fabrizio"]
[Result "1/2-1/2"]
[WhiteElo "2019"]
[BlackElo "2148"]
[PlyCount "23"]
[EventDate "2010.03.05"]

1. d4 Nf6 2. c4 e6 3. Nc3 d5 4. Bg5 Be7 5. e3 O-O 6. Nf3 Nbd7 7. Rc1 c6 8. a3
b6 9. cxd5 exd5 10. Bd3 Bb7 11. O-O Ne4 12. Bf4 1/2-1/2

[Event "IV Festival A"]
[Site "Erba ITA"]
[Date "2010.03.06"]
[Round "3"]
[White "Ranfagni, Stefano"]
[Black "Janeva, Mariya"]
[Result "0-1"]
[WhiteElo "1994"]
[BlackElo "2042"]
[PlyCount "100"]
[EventDate "2010.03.05"]

1. e4 e5 2. Nf3 Nc6 3. Bb5 a6 4. Ba4 Nf6 5. Qe2 b5 6. Bb3 Bc5 7. c3 Bb6 8. O-O
O-O 9. Rd1 Qe7 10. d3 h6 11. Nbd2 d6 12. h3 Na5 13. Bc2 c5 14. Nf1 Nc6 15. Be3
d5 16. Ng3 Be6 17. b3 d4 18. cxd4 cxd4 19. Bd2 Nd7 20. Rdc1 Rfc8 21. Qe1 b4 22.
Bd1 a5 23. Nh2 f6 24. Bg4 Nc5 25. Bxe6+ Qxe6 26. Qe2 Na7 27. Nf5 Rc7 28. Ng4 h5
29. Ngh6+ gxh6 30. Qxh5 Qe8 31. Nxh6+ Kf8 32. Qh4 Qg6 33. Nf5 Rh7 34. Bh6+ Kf7
35. Rd1 Rah8 36. f4 Rxh6 37. Nxh6+ Qxh6 38. Qxh6 Rxh6 39. fxe5 fxe5 40. Rf1+
Rf6 41. Rxf6+ Kxf6 42. Rf1+ Kg6 43. Rf3 Nb5 44. g4 Nc3 45. h4 Ne2+ 46. Kg2 Nf4+
47. Kg3 Ncxd3 48. g5 Nc5 49. Kg4 Nxe4 50. Rf1 d3 0-1

[Event "IV Festival A"]
[Site "Erba ITA"]
[Date "2010.03.06"]
[Round "3"]
[White "Sbarra, Marco"]
[Black "Vezzosi, Paolo"]
[Result "1/2-1/2"]
[WhiteElo "2260"]
[BlackElo "2367"]
[PlyCount "86"]
[EventDate "2010.03.05"]

1. d4 Nf6 2. c4 e6 3. Nc3 Bb4 4. Qc2 O-O 5. a3 Bxc3+ 6. Qxc3 b6 7. Bg5 Bb7 8.
e3 d6 9. Ne2 Nbd7 10. Qd3 c5 11. Nc3 Qe7 12. Rd1 Rfd8 13. d5 h6 14. Bh4 Ne5 15.
Qc2 Ng6 16. Bxf6 Qxf6 17. Bd3 Ne5 18. Be2 a6 19. O-O Rab8 20. f4 Ng6 21. Rfe1
exd5 22. Nxd5 Bxd5 23. Rxd5 b5 24. cxb5 axb5 25. g3 Ne7 26. Rd2 c4 27. e4 d5
28. exd5 Nxd5 29. Bf3 Qb6+ 30. Kh1 Nf6 31. Rxd8+ Rxd8 32. Rd1 Rxd1+ 33. Qxd1
Qf2 34. Qe2 Ne4 35. Qd1 Nd2 36. Bg2 Qd4 37. Qc2 Qd3 38. Qc1 Qe2 39. h4 g6 40.
Qc3 Qd3 41. Qf6 Ne4 42. Bxe4 Qxe4+ 43. Kg1 Qe1+ 1/2-1/2

[Event "IV Festival A"]
[Site "Erba ITA"]
[Date "2010.03.06"]
[Round "3"]
[White "Sullolari, Saip"]
[Black "Kimbin, Richard Conrod"]
[Result "1-0"]
[WhiteElo "2137"]
[BlackElo "1930"]
[PlyCount "79"]
[EventDate "2010.03.05"]

1. e4 c6 2. d4 d5 3. Nd2 dxe4 4. Nxe4 Bf5 5. Ng3 Bg6 6. h4 h6 7. Nf3 e6 8. h5
Bh7 9. Bd3 Bxd3 10. Qxd3 Qc7 11. Ne4 Nf6 12. Bd2 Nbd7 13. O-O-O O-O-O 14. g3
Ng4 15. Qe2 f5 16. Nc3 Bd6 17. Nh4 Rhe8 18. f4 Ndf6 19. Nf3 Qf7 20. Ne5 Bxe5
21. dxe5 Nxh5 22. Ne4 fxe4 23. Qxg4 g6 24. Be3 b6 25. Qh4 Ng7 26. g4 h5 27. Qf6
Rxd1+ 28. Rxd1 Re7 29. f5 gxf5 30. Bg5 Rd7 31. Rxd7 Qxd7 32. gxh5 Nxh5 33. Qh8+
Kb7 34. Qxh5 Qd5 35. Qd1 Qxe5 36. Qd7+ Ka6 37. Qxc6 e3 38. Qc8+ Kb5 39. Be7 Qd4
40. a4+ 1-0

[Event "IV Festival A"]
[Site "Erba ITA"]
[Date "2010.03.07"]
[Round "4"]
[White "Annoni, Riccardo"]
[Black "Bernasconi, Roberto"]
[Result "1-0"]
[WhiteElo "2078"]
[BlackElo "1933"]
[PlyCount "39"]
[EventDate "2010.03.05"]

1. d4 d5 2. c4 dxc4 3. e3 Nf6 4. Bxc4 e6 5. Nf3 c5 6. Qe2 a6 7. dxc5 Bxc5 8.
O-O O-O 9. e4 h6 10. Nc3 Qe7 11. e5 Nfd7 12. Bf4 b5 13. Qe4 Ra7 14. Bd3 f5 15.
exf6 Nxf6 16. Qg6 Bd7 17. Ne4 Nxe4 18. Qxe4 Qf6 19. Qh7+ Kf7 20. Be5 1-0

[Event "IV Festival A"]
[Site "Erba ITA"]
[Date "2010.03.07"]
[Round "4"]
[White "Belezky, Alexander"]
[Black "Colovic, Aleksandar"]
[Result "1/2-1/2"]
[WhiteElo "2452"]
[BlackElo "2464"]
[PlyCount "38"]
[EventDate "2010.03.05"]

1. Nf3 d5 2. g3 Nf6 3. Bg2 c6 4. b3 Bg4 5. Bb2 Nbd7 6. d3 e6 7. Nbd2 Bd6 8. O-O
O-O 9. e4 Be5 10. Qc1 Bxb2 11. Qxb2 Bxf3 12. Bxf3 Qc7 13. Bg2 Rfd8 14. Rae1
dxe4 15. Nxe4 Nxe4 16. Rxe4 Nf6 17. Re2 Rd7 18. Qe5 Qxe5 19. Rxe5 Nd5 1/2-1/2

[Event "IV Festival A"]
[Site "Erba ITA"]
[Date "2010.03.07"]
[Round "4"]
[White "Berni, Fabrizio"]
[Black "Sbarra, Marco"]
[Result "0-1"]
[WhiteElo "2148"]
[BlackElo "2260"]
[PlyCount "86"]
[EventDate "2010.03.05"]

1. e4 e5 2. Nf3 Nc6 3. Bb5 a6 4. Ba4 Nf6 5. Qe2 Be7 6. O-O b5 7. Bb3 d6 8. c3
Na5 9. Bc2 c5 10. Rd1 O-O 11. d4 Qc7 12. dxe5 dxe5 13. Nbd2 Be6 14. Nf1 Rfd8
15. Rxd8+ Rxd8 16. Ne3 h6 17. b3 c4 18. b4 Nc6 19. a4 Nd4 20. cxd4 exd4 21. Nd5
Bxd5 22. exd5 d3 23. Bxd3 cxd3 24. Qxd3 Nxd5 25. Bb2 Nxb4 26. Qe2 Nd3 27. Bd4
Nf4 28. Qb2 Ne6 29. Bc3 b4 30. Be5 Qb6 31. Re1 Bc5 32. h3 Rd3 33. Bg3 Qd8 34.
Qc2 Rc3 35. Qf5 Qd3 36. Qg4 b3 37. Rxe6 fxe6 38. Be5 Rc1+ 39. Kh2 Qd7 40. Nh4
Bd6 41. Ng6 b2 42. Qf4 Bxe5 43. Nxe5 Qc7 0-1

[Event "IV Festival A"]
[Site "Erba ITA"]
[Date "2010.03.07"]
[Round "4"]
[White "Buonocore, Elio"]
[Black "Orsi, Matteo"]
[Result "1-0"]
[WhiteElo "2192"]
[BlackElo "1974"]
[PlyCount "105"]
[EventDate "2010.03.05"]

1. e4 c6 2. d4 d5 3. Nd2 dxe4 4. Nxe4 Bf5 5. Ng3 Bg6 6. h4 h6 7. h5 Bh7 8. Nf3
Nd7 9. Bd3 Bxd3 10. Qxd3 Ngf6 11. Bf4 e6 12. O-O-O Nd5 13. Bd2 Nb4 14. Bxb4
Bxb4 15. Ne4 Qc7 16. Ne5 O-O-O 17. f4 f5 18. Qb3 Nxe5 19. dxe5 Qe7 20. Nf2 Bc5
21. Nd3 Bb6 22. Qc4 Rd4 23. Qb3 Rhd8 24. Rh3 c5 25. c4 Qd7 26. Qc2 Qc6 27. Re3
Qd7 28. a3 Qc6 29. b3 Qe8 30. Qe2 a5 31. a4 g5 32. hxg6 Qxg6 33. Kc2 R8d7 34.
g3 Qe8 35. Nf2 Qe7 36. Red3 Qf8 37. Kb2 Kc7 38. Qf3 Qd8 39. Kc2 Kc8 40. R1d2
Ba7 41. Nd1 Qb6 42. Nc3 Qd8 43. Nb5 Bb8 44. Rxd4 cxd4 45. c5 Rd5 46. Nd6+ Bxd6
47. cxd6 Rc5+ 48. Kd1 Rc3 49. Rc2 Rxc2 50. Kxc2 Qb6 51. Qd3 Kd7 52. Qb5+ Qc6+
53. Kd3 1-0

[Event "IV Festival A"]
[Site "Erba ITA"]
[Date "2010.03.07"]
[Round "4"]
[White "Cardani, Roberto"]
[Black "Ranfagni, Stefano"]
[Result "1/2-1/2"]
[WhiteElo "1995"]
[BlackElo "1994"]
[PlyCount "68"]
[EventDate "2010.03.05"]

1. e4 e5 2. Nf3 Nf6 3. Nxe5 d6 4. Nf3 Nxe4 5. d4 d5 6. Bd3 Bd6 7. O-O O-O 8. c4
c6 9. Nc3 Nxc3 10. bxc3 dxc4 11. Bxc4 Bg4 12. Qd3 Nd7 13. Bg5 Be7 14. Bxe7 Qxe7
15. Rfe1 Qf6 16. Ne5 Nxe5 17. Rxe5 Rfe8 18. Rae1 Rxe5 19. Rxe5 g6 20. h3 Bf5
21. Qe3 Rd8 22. a4 Kg7 23. a5 Rd6 24. g4 Be6 25. g5 Qd8 26. Bxe6 Rxe6 27. Rxe6
fxe6 28. Qe5+ Kf7 29. c4 b6 30. axb6 axb6 31. h4 b5 32. cxb5 cxb5 33. Qxb5 Qxd4
34. Qb7+ Kg8 1/2-1/2

[Event "IV Festival A"]
[Site "Erba ITA"]
[Date "2010.03.07"]
[Round "4"]
[White "Janev, Evgeni"]
[Black "Pace, Pietro Dario"]
[Result "1-0"]
[WhiteElo "2450"]
[BlackElo "2304"]
[PlyCount "111"]
[EventDate "2010.03.05"]

1. e4 e5 2. Nf3 Nc6 3. Bb5 a6 4. Ba4 Nf6 5. O-O Be7 6. Re1 b5 7. Bb3 O-O 8. d3
d6 9. c3 Nb8 10. Nbd2 Nbd7 11. Nf1 Nc5 12. Bc2 Re8 13. d4 Ncd7 14. Ng3 g6 15.
Bg5 c5 16. Qd2 Qc7 17. h3 Kh8 18. Rad1 Nf8 19. d5 Ng8 20. Be3 Bf6 21. b4 Nd7
22. a4 cxb4 23. cxb4 Nb6 24. axb5 axb5 25. Bd3 Ba6 26. Rb1 Qb7 27. Qe2 Na4 28.
Rec1 Rec8 29. Qd2 Bd8 30. Ne2 Bb6 31. Bc2 Bxe3 32. Qxe3 Nb6 33. Bb3 h6 34. Rc6
Rxc6 35. dxc6 Qxc6 36. Bxf7 Kg7 37. Bb3 Nf6 38. Rc1 Nc4 39. Bxc4 bxc4 40. Nc3
Rb8 41. Rb1 Bb7 42. b5 Qc7 43. Nd2 d5 44. b6 Qd6 45. exd5 Bxd5 46. Rb5 Bf7 47.
Nf3 Be8 48. Rb1 Nd7 49. b7 Nc5 50. Nxe5 Rxb7 51. Rd1 Qe7 52. Nd5 Qe6 53. Qd4
Kh7 54. Ng4 Nb3 55. Qc3 h5 56. Ndf6+ 1-0

[Event "IV Festival A"]
[Site "Erba ITA"]
[Date "2010.03.07"]
[Round "4"]
[White "Janeva, Mariya"]
[Black "Pechy, Alaster"]
[Result "0-1"]
[WhiteElo "2042"]
[BlackElo "2202"]
[PlyCount "92"]
[EventDate "2010.03.05"]

1. c4 e5 2. Nc3 f5 3. d3 Nf6 4. g3 c6 5. Bg2 d6 6. e3 g6 7. Nge2 Bg7 8. O-O O-O
9. Bd2 Na6 10. a3 Nc7 11. b4 d5 12. Qc2 dxc4 13. dxc4 e4 14. Nd4 Ne6 15. Nce2
Ng4 16. Bc3 Ne5 17. Nxe6 Bxe6 18. Bxe5 Bxe5 19. Rad1 Qe7 20. Rd2 a5 21. Rb1
axb4 22. axb4 Ra3 23. Nd4 Bf7 24. Bf1 Rfa8 25. Qd1 Rc3 26. c5 Bd5 27. Rc2 Rxc2
28. Qxc2 Qf6 29. Qd1 Rd8 30. Rb2 Bf7 31. Rd2 g5 32. Bh3 h5 33. Ne2 Rxd2 34.
Qxd2 Be6 35. Bf1 Bd5 36. Bh3 h4 37. Nd4 f4 38. gxf4 gxf4 39. Qd1 f3 40. Kh1
Bxd4 41. exd4 e3 42. Kg1 Qg7+ 43. Kh1 Qg5 44. Qa4 Kg7 45. Bf1 Kh6 46. h3 e2 0-1

[Event "IV Festival A"]
[Site "Erba ITA"]
[Date "2010.03.07"]
[Round "4"]
[White "Kimbin, Richard Conrod"]
[Black "Liscio, Giovanni"]
[Result "0-1"]
[WhiteElo "1930"]
[BlackElo "2046"]
[PlyCount "68"]
[EventDate "2010.03.05"]

1. Nf3 d5 2. g3 g6 3. Bg2 Bg7 4. d3 Nf6 5. Nbd2 O-O 6. O-O c5 7. e4 e6 8. Re1
Nc6 9. Nb3 Nd7 10. c3 h6 11. exd5 exd5 12. Bf4 b6 13. Qd2 Kh7 14. Bd6 Rg8 15.
d4 c4 16. Nc1 Nf6 17. Ba3 Ne4 18. Qf4 f5 19. Ne5 Nxe5 20. dxe5 Re8 21. f3 Bxe5
22. Qe3 d4 23. Qe2 d3 24. Nxd3 cxd3 25. Qe3 Nf6 26. f4 Bxc3 27. bxc3 Rxe3 28.
Rxe3 Rb8 29. Be7 Qe8 30. Rd1 Ng4 31. Ree1 Bb7 32. Bd6 Bxg2 33. Rxe8 Rxe8 34.
Rxd3 Bc6 0-1

[Event "IV Festival A"]
[Site "Erba ITA"]
[Date "2010.03.07"]
[Round "4"]
[White "Laketic, Gojko"]
[Black "Marholev, Dimitar"]
[Result "1-0"]
[WhiteElo "2457"]
[BlackElo "2423"]
[PlyCount "65"]
[EventDate "2010.03.05"]

1. d4 Nf6 2. Nf3 g6 3. c4 Bg7 4. Nc3 O-O 5. e4 d6 6. Be2 c5 7. O-O Bg4 8. d5
Nbd7 9. h3 Bxf3 10. Bxf3 Ne8 11. Bg5 h6 12. Bd2 a6 13. a4 Nc7 14. Be2 e6 15. a5
exd5 16. exd5 f5 17. Rb1 Re8 18. Na4 f4 19. b4 cxb4 20. Rxb4 Ne5 21. Rxb7 f3
22. gxf3 Qc8 23. Rb3 Qxh3 24. f4 Qh4 25. fxe5 Bxe5 26. f4 Bd4+ 27. Kg2 Kg7 28.
Rh3 Qf6 29. Nb6 Rf8 30. Bd3 Rae8 31. Re1 Rxe1 32. Qxe1 Re8 33. Qh4 1-0

[Event "IV Festival A"]
[Site "Erba ITA"]
[Date "2010.03.07"]
[Round "4"]
[White "Martorelli, Antonio"]
[Black "Radice, Luca"]
[Result "1-0"]
[WhiteElo "2262"]
[BlackElo "2019"]
[PlyCount "97"]
[EventDate "2010.03.05"]

1. e4 e6 2. d4 d5 3. Nd2 Nc6 4. Ngf3 Nf6 5. e5 Nd7 6. Bb5 a6 7. Bxc6 bxc6 8.
Nb3 c5 9. Bg5 Be7 10. Na5 Nb8 11. Bxe7 Qxe7 12. O-O cxd4 13. Qxd4 c5 14. Qa4+
Qd7 15. Qg4 O-O 16. a4 Qc7 17. Nb3 Nd7 18. Rfe1 Rb8 19. Ra3 Rb4 20. Qh5 f6 21.
exf6 Nxf6 22. Qe5 Qxe5 23. Nxe5 c4 24. Nc6 Rb6 25. Nbd4 Bd7 26. Ne5 Rxb2 27. f3
Bc8 28. a5 Re8 29. Raa1 Nd7 30. Ng4 Nf6 31. Ne3 Bd7 32. Nd1 Rb7 33. c3 e5 34.
Nc2 Bf5 35. Nb4 d4 36. Nxa6 dxc3 37. Nxc3 Rb3 38. Rec1 Rd8 39. Nc5 Rb2 40. Nd1
Rb5 41. Rxc4 Rc8 42. a6 Nd5 43. Nc3 Nb6 44. Nxb5 Nxc4 45. a7 Nb6 46. Nd6 Rxc5
47. a8=Q+ Nxa8 48. Rxa8+ Bc8 49. Rxc8+ 1-0

[Event "IV Festival A"]
[Site "Erba ITA"]
[Date "2010.03.07"]
[Round "4"]
[White "Meijers, Viesturs"]
[Black "Magrini, Fabrizio"]
[Result "1-0"]
[WhiteElo "2476"]
[BlackElo "2130"]
[PlyCount "119"]
[EventDate "2010.03.05"]

1. d4 Nf6 2. Nf3 g6 3. Nc3 d5 4. Ne5 Bg7 5. f3 O-O 6. Be3 Ne8 7. Qd2 f6 8. Ng4
Nd6 9. b3 Nf5 10. Nh6+ Nxh6 11. Bxh6 c6 12. Bxg7 Kxg7 13. e4 Be6 14. h4 h6 15.
O-O-O Nd7 16. Qe3 Bg8 17. g4 Qc7 18. Bd3 e6 19. Ne2 c5 20. h5 g5 21. exd5 exd5
22. dxc5 Rfe8 23. Qd2 Nxc5 24. Bf5 a5 25. Nd4 a4 26. b4 Ne6 27. Bxe6 Bxe6 28.
Rhe1 Bd7 29. a3 Qc4 30. Kb2 Rac8 31. Qd3 Qxd3 32. cxd3 Rxe1 33. Rxe1 Kf7 34.
Re2 Rc7 35. Nf5 Bxf5 36. gxf5 Re7 37. Rc2 Ke8 38. Rc8+ Kd7 39. Rf8 Re3 40. Kc3
Ke7 41. Rh8 Rxf3 42. Rxh6 Rxf5 43. Rh7+ Ke6 44. Rxb7 g4 45. h6 Rh5 46. h7 f5
47. b5 f4 48. Rg7 f3 49. Rxg4 Rxh7 50. Rf4 Rf7 51. Rxf7 Kxf7 52. Kd2 Ke7 53.
Ke3 Kd6 54. Kxf3 Kc5 55. Kf4 Kxb5 56. Kf5 Kb6 57. Ke6 Kc6 58. d4 Kc7 59. Kxd5
Kd7 60. Kc5 1-0

[Event "IV Festival A"]
[Site "Erba ITA"]
[Date "2010.03.07"]
[Round "4"]
[White "Ninov, Nikolai Ivanov"]
[Black "Gagliardi, Christian"]
[Result "1-0"]
[WhiteElo "2501"]
[BlackElo "2217"]
[PlyCount "49"]
[EventDate "2010.03.05"]

1. e4 d6 2. d4 Nf6 3. Nc3 g6 4. Be3 Bg7 5. h3 c6 6. f4 O-O 7. Qf3 Qa5 8. O-O-O
d5 9. e5 Ne4 10. Nge2 b5 11. Kb1 Na6 12. g4 b4 13. Nxe4 dxe4 14. Qg3 Be6 15.
Nc1 Nc7 16. f5 Bd5 17. h4 Rfd8 18. Rd2 Rab8 19. h5 Bxa2+ 20. Nxa2 b3 21. cxb3
c5 22. Bc4 cxd4 23. Rxd4 Bxe5 24. Rxd8+ Rxd8 25. Qf2 1-0

[Event "IV Festival A"]
[Site "Erba ITA"]
[Date "2010.03.07"]
[Round "4"]
[White "Occhipinti, Massimo"]
[Black "Sullolari, Saip"]
[Result "0-1"]
[WhiteElo "1996"]
[BlackElo "2137"]
[PlyCount "70"]
[EventDate "2010.03.05"]

1. e4 c5 2. Nc3 Nc6 3. g3 g6 4. Bg2 Bg7 5. Nge2 e6 6. O-O Nge7 7. d3 O-O 8. h3
d6 9. Bd2 Rb8 10. Qc1 Nd4 11. Nxd4 cxd4 12. Ne2 d5 13. Bh6 dxe4 14. dxe4 e5 15.
Bxg7 Kxg7 16. g4 Be6 17. Ng3 Nc6 18. f4 f6 19. f5 Bc4 20. Rf3 Rc8 21. g5 fxg5
22. b3 Bg8 23. Qd2 h6 24. Raf1 g4 25. hxg4 Qg5 26. f6+ Kh8 27. Qxg5 hxg5 28. c3
Be6 29. Bh3 dxc3 30. Rxc3 Nd4 31. Rxc8 Rxc8 32. Rf2 Kg8 33. Nf1 Kf7 34. Nd2 Rc2
35. Bf1 Rxd2 0-1